000 00693nam a2200253Ia 4500
003 OSt
005 20221005092725.0
006 a|||||r|||| 00| 0
007 ta
008 221004b |||||||| |||| 00| 0 eng d
024 _a33570
037 _cTextual
040 _aCRL
_cCRL
_beng
041 _2eng
_aeng
082 _aN5v52:C, J3
100 _aMaiuri Amedeo
_9613318
245 0 _aGreat centuries of painting
_b Roman painting
260 _aNew York
_bSkira Pub.
_c1953
300 _a154p
_ccm.
650 _aARTS
700 _a Gilbert Stuart Tr.
_9617686
942 _hN5v52:C, J3
_cTEXL
_2cc
999 _c999291
_d999291